书目信息 |
| 题名: |
动手玩转Scratch 3.0编程
|
|
| 作者: | 马吉 著 ;李泽 , 于欣龙 译 | |
| 分册: | ||
| 出版信息: | 北京 电子工业出版社 2020.01 |
|
| 页数: | 22, 264页 | |
| 开本: | 24cm | |
| 丛书名: | ||
| 单 册: | ||
| 中图分类: | TP311.1-62 | |
| 科图分类: | ||
| 主题词: | 程序设计--cheng xu she ji--指南 | |
| 电子资源: | ||
| ISBN: | 978-7-121-37616-0 | |
| 000 | 01300nam0 2200301 450 | |
| 001 | 0109110209 | |
| 005 | 20201109110338.0 | |
| 010 | @a978-7-121-37616-0@dCNY99.00 | |
| 100 | @a20200408d2020 em y0chiy50 ea | |
| 101 | 1 | @achi@ceng |
| 102 | @aCN@b110000 | |
| 105 | @aa z 000yy | |
| 106 | @ar | |
| 200 | 1 | @a动手玩转Scratch 3.0编程@Adong shou wan zhuan Scratch 3.0 bian cheng@e人工智能科创教育指南@dLearn to program with scratch@ea visual introduction to programming with games, art, science, and math@f(美)Majed Marji著@g李泽,于欣龙译@zeng |
| 210 | @a北京@c电子工业出版社@d2020.01 | |
| 215 | @a22, 264页@c图,照片@d24cm | |
| 300 | @a全彩印刷 | |
| 305 | @a由No Starch Press授权出版 | |
| 330 | @a本书共分9章,前三章讲解如何使用Scratch绘制几何图形,并创建富媒体应用程序,其余章节使用Scratch讲解各个编程概念。 | |
| 510 | 1 | @aLearn to program with scratch@ea visual introduction to programming with games, art, science, and math@zeng |
| 517 | 1 | @a人工智能科创教育指南@Aren gong zhi neng ke chuang jiao yu zhi nan |
| 606 | 0 | @a程序设计@Acheng xu she ji@j指南 |
| 690 | @aTP311.1-62@v5 | |
| 701 | 0 | @c(美)@a马吉@Ama ji@c(Marji, Majed)@4著 |
| 702 | 0 | @a李泽@ALi Ze@4译 |
| 702 | 0 | @a于欣龙@Ayu xin long@4译 |
| 801 | 0 | @aCN@bBJSZM@c20201103 |
| 905 | @b1240519-21@dTP311.1-62@e1577@f3 | |
| 动手玩转Scratch 3.0编程:人工智能科创教育指南=Learn to program with scratch:a visual introduction to programming with games, art, science, and math/(美)Majed Marji著/李泽,于欣龙译.-北京:电子工业出版社,2020.01 |
| 22, 264页:图,照片;24cm |
| 全彩印刷 |
| ISBN 978-7-121-37616-0:CNY99.00 |
| 本书共分9章,前三章讲解如何使用Scratch绘制几何图形,并创建富媒体应用程序,其余章节使用Scratch讲解各个编程概念。 |
| ● |
| 相关链接 |
|
|
|
|
正题名:动手玩转Scratch 3.0编程
索取号:TP311.1-62/1577
 
预约/预借
| 序号 | 登录号 | 条形码 | 馆藏地/架位号 | 状态 | 备注 |
| 1 | 1240519 | 212405191 | 第二样本阅览室/ [索取号:TP311.1-62/1577] | 在馆 | |
| 2 | 1240520 | 212405208 | 第三借阅区/ [索取号:TP311.1-62/1577] | 在馆 | |
| 3 | 1240521 | 212405217 | 第三借阅区/ [索取号:TP311.1-62/1577] | 在馆 |